[Event "Cseppko op"]
[Site "Aggtelek"]
[Date "1995.??.??"]
[Round "?"]
[White "Kiss, Pal"]
[Black "Boros, Daniel"]
[Result "1/2-1/2"]
[WhiteElo "2455"]
[BlackElo "2285"]

1.d4 Nf6 2.c4 g6 3.Nc3 Bg7 4.e4 d6 5.Nf3 O-O 6.Be2 e5 7.O-O Nc6 8.d5 Ne7
9.Ne1 Nd7 10.f3 f5 11.g4 Nf6 12.Nd3 h6 13.h4 c6 14.Be3 Kh8 15.Kg2 a6 16.a4 a5
17.Rh1 f4 18.Bf2 c5 19.Be1 Ne8 20.Bf1 Bd7 21.Kg1 Qc8 22.b3 Kg8 23.g5 h5 24.Nf2 b6
25.Bh3 Bxh3 26.Nxh3 Nc7 27.Kg2 Na6 28.Nf2 Qd7 29.Kh2 Rf7 30.Bd2 Re8 31.Nd3 Nc8  1/2-1/2

[Event "Albacete op"]
[Site "Albacete"]
[Date "1995.??.??"]
[Round "?"]
[White "Pogorelov, Ruslan"]
[Black "Gomez Cabrero, Lopez Rafael"]
[Result "1-0"]
[WhiteElo "2445"]
[BlackElo "2270"]

1.Nf3 Nf6 2.c4 g6 3.Nc3 Bg7 4.e4 d6 5.d4 O-O 6.Be2 e5 7.O-O Nc6 8.d5 Ne7
9.Ne1 Nd7 10.Be3 f5 11.f3 f4 12.Bf2 g5 13.a4 Kh8 14.Nb5 a6 15.Na7 Rxa7 16.Bxa7 Nf6
17.c5 Rg8 18.Qc2 Bf8 19.cxd6 cxd6 20.Rc1 g4 21.fxg4 Bxg4 22.Bxg4  1-0

[Event "Algarve"]
[Site "Algarve"]
[Date "1995.??.??"]
[Round "3"]
[White "Asfora, Marco"]
[Black "Kaabi, Mejdi"]
[Result "1/2-1/2"]
[WhiteElo "2280"]
[BlackElo "2370"]

1.d4 Nf6 2.Nf3 g6 3.c4 Bg7 4.Nc3 O-O 5.e4 d6 6.Be2 e5 7.O-O Nc6 8.d5 Ne7
9.Ne1 Nd7 10.Nd3 f5 11.f3 Rf7 12.Bd2 Nf6 13.c5 f4 14.Rc1 g5 15.Nb5 Ng6 16.cxd6 cxd6
17.Nf2 h5 18.Qc2 Ne8 19.a4 Bf8 20.Rfe1 Bd7 21.Qb3 Rg7 22.Na3 Rb8 23.Nc4 g4
24.fxg4 hxg4 25.Nxg4 Nh4 26.h3 Nf6 27.Qd1 Nxe4 28.Bb4 Ng3 29.Bf3 Rg6 30.Ncxe5 dxe5
31.Bxf8 Nxf3+ 32.Qxf3 Bxg4 33.hxg4 Qxf8 34.Rxe5 Qh6 35.Rce1 Rf8 36.d6 Rg7
37.Qd5+ Kh7 38.Qd3+ Qg6 39.Qd4 Qxg4 40.Re7 Nf5 41.Rxg7+ Qxg7 42.Qxf4 Qd4+
43.Qxd4 Nxd4 44.Re7+ Kg6 45.g3 Rf7 46.d7 Nc6 47.Re6+ Kg5 48.Rxc6 Rxd7 49.Rc2 Rd4
50.a5 Ra4 51.Rc7  1/2-1/2

[Event "Alma Ata"]
[Site "Alma Ata"]
[Date "1995.??.??"]
[Round "5"]
[White "Kakageldyev, Amanmurad"]
[Black "Temirbaev, Serik"]
[Result "1/2-1/2"]
[WhiteElo "2450"]
[BlackElo "2490"]

1.d4 Nf6 2.c4 g6 3.Nc3 Bg7 4.e4 d6 5.Nf3 O-O 6.Be2 e5 7.O-O Nc6 8.Be3 Ng4
9.Bg5 f6 10.Bh4 Nh6 11.d5 Ne7 12.Nd2 Nf7 13.b4 f5 14.f3 Bh6 15.c5 Be3+ 16.Bf2 Bxf2+
17.Rxf2 Kh8 18.Rc1 Ng8 19.Nb5 a6 20.Na3 Nf6 21.Nac4 Nh5 22.Bf1 Ng5 23.Qc2 b5
24.Na5 fxe4 25.Nxe4 Bf5 26.Nc6 Qd7 27.cxd6 cxd6 28.Re1 Qc7 29.Qd2 Bxe4 30.fxe4 Qb6
31.h4 Rf4 32.Qe3 Qxe3 33.Rxe3 Rxh4 34.Bd3 Rf4 35.Rxf4 Nxf4 36.Bf1 Rf8 37.a4 bxa4
38.Bxa6 a3 39.Rxa3 Nxe4 40.Re3 Nf6 41.Bc4 Ra8 42.Re1 Ra3 43.Nd8 Rg3 44.Bf1 N6xd5  1/2-1/2

[Event "Donner mem op"]
[Site "Amsterdam"]
[Date "1995.??.??"]
[Round "6"]
[White "Mikhalevski, Victor"]
[Black "Wirschell, Taco"]
[Result "1-0"]
[WhiteElo "2495"]
[BlackElo "2320"]

1.d4 Nf6 2.c4 g6 3.Nc3 Bg7 4.e4 d6 5.Nf3 O-O 6.Be2 e5 7.O-O Nc6 8.Be3 exd4
9.Nxd4 Re8 10.f3 Nxd4 11.Bxd4 Nd7 12.f4 Nc5 13.Bxg7 Kxg7 14.Qd4+ f6 15.Bf3 a5
16.Rad1 Bd7 17.Rfe1 Bc6 18.Nd5 Bxd5 19.cxd5 Qd7 20.Rc1 Qb5 21.Re3 Re7 22.e5 fxe5
23.fxe5 Kg8 24.exd6 Rxe3 25.Rxc5 Re1+ 26.Kf2 Rf1+ 27.Kg3 Qd7 28.dxc7 Qd6+
29.Kh3 Rxf3+ 30.gxf3 Rc8 31.Qc4 Kg7 32.b3 h5 33.a3 Kh7 34.b4 axb4 35.axb4 Qf6
36.Qe4 Qf7 37.d6 Qd7+ 38.Kg2 Qxd6 39.Rxh5+ Kg7 40.Rd5 Qxc7 41.Qd4+ Kg8 42.Rd7 Qc3
43.Rd8+ Kf7 44.Qf4+ Ke6 45.Qe4+ Kf6 46.Rd6+ Kf7 47.Rd7+ Kf8 48.Qe7+ Kg8 49.Qf7+ Kh8
50.Qh7+  1-0

[Event "Donner mem op"]
[Site "Amsterdam"]
[Date "1995.??.??"]
[Round "8"]
[White "Mikhalevski, Victor"]
[Black "Sziva, Erika"]
[Result "1-0"]
[WhiteElo "2495"]
[BlackElo "2315"]

1.d4 Nf6 2.c4 g6 3.Nc3 Bg7 4.e4 d6 5.Nf3 O-O 6.Be2 e5 7.O-O Nc6 8.Be3 Ng4
9.Bg5 f6 10.Bh4 Nh6 11.dxe5 dxe5 12.Qb3 g5 13.Rad1 Qe8 14.Bg3 g4 15.Nh4 Qf7
16.c5 Qxb3 17.axb3 Be6 18.Nd5 Rf7 19.Bc4 Nd4 20.f4 c6 21.f5 Nhxf5 22.Nxf5 Nxf5
23.Nxf6+ Rxf6 24.Bxe6+ Rxe6 25.exf5 Rh6 26.Rd7 Re8 27.Rxb7 e4 28.Rf4 Bxb2
29.Kf1 a5 30.Ke2 Bd4 31.Rxg4+ Kh8 32.Rd7 Bb2 33.Rd6 Rh5 34.Rf4 Rc8 35.Rf1 Bg7
36.Re6 Rf8 37.f6 Bh6 38.Bd6  1-0

[Event "Andorra op"]
[Site "Andorra"]
[Date "1995.??.??"]
[Round "8"]
[White "Oms Pallise, Josep"]
[Black "Gentilleau, Jean Philippe"]
[Result "1-0"]
[WhiteElo "2350"]
[BlackElo "2220"]

1.Nf3 Nf6 2.c4 g6 3.Nc3 Bg7 4.e4 d6 5.d4 O-O 6.Be2 e5 7.O-O Nc6 8.d5 Ne7
9.Nd2 a5 10.Rb1 Nd7 11.a3 f5 12.b4 Nf6 13.f3 Kh8 14.c5 axb4 15.axb4 g5 16.Nc4 g4
17.fxg4 Nxe4 18.Nxe4 fxe4 19.Rxf8+ Bxf8 20.cxd6 cxd6 21.Be3 Ng6 22.Qc2 Nf4
23.Bxf4 exf4 24.Qxe4 b5 25.Na5 Qb6+ 26.Kf1 Qe3 27.Qxe3 fxe3 28.Rc1 Bd7 29.Rc7 Be8
30.Bd3 Bg6 31.Bxg6 hxg6 32.Ke2 Bh6 33.h4 Bf4 34.Rb7 Re8 35.Nc6 Re4 36.Re7 Rc4
37.Kf3 Bh2 38.g3 Bg1 39.g5 Rc1 40.Re6 Rd1 41.Ne7 Kh7 42.Nxg6 Rf1+ 43.Kg4 e2
44.Re7+  1-0

[Event "Ano Liosia op"]
[Site "Ano Liosia"]
[Date "1995.??.??"]
[Round "7"]
[White "Agnos, Demetrios"]
[Black "Nikolaidis, Ioannis"]
[Result "0-1"]
[WhiteElo "2445"]
[BlackElo "2495"]

1.d4 Nf6 2.c4 g6 3.Nc3 Bg7 4.e4 O-O 5.Nf3 d6 6.Be2 e5 7.O-O Nc6 8.d5 Ne7
9.Nd2 a5 10.Rb1 Bd7 11.b3 Nc8 12.a3 Nb6 13.Qc2 Bh6 14.b4 axb4 15.axb4 Na4
16.Nb5 Bxb5 17.cxb5 Nb6 18.Nb3 Bxc1 19.Rbxc1 Ne8 20.Na5 Rb8 21.Bg4 f5 22.exf5 Qd7
23.f4 gxf5 24.Be2 e4 25.Kh1 Nf6 26.Qxc7 Qxc7 27.Rxc7 Nfxd5 28.Rxb7 Nc3 29.Rxb8 Rxb8
30.Bd1 Nxb5 31.Bb3+ Kg7 32.Rd1 Kf6 33.h3 Rc8 34.g4 d5 35.gxf5 d4 36.Nb7 Rc3
37.Nc5 Kxf5 38.Kg2 Nc4 39.Ra1 Nd2 40.Ra5 Nxb3 41.Rxb5 Nxc5  0-1

[Event "Arhus Sommer"]
[Site "Arhus"]
[Date "1995.??.??"]
[Round "9"]
[White "Jiretorn, Eva"]
[Black "Jensen, Jacob Bjerre"]
[Result "1-0"]
[WhiteElo "2170"]
[BlackElo "2220"]

1.d4 Nf6 2.c4 g6 3.Nf3 Bg7 4.Nc3 O-O 5.e4 d6 6.Be2 e5 7.O-O Nc6 8.d5 Ne7
9.b4 Nh5 10.c5 h6 11.Nd2 Nf4 12.Nc4 f5 13.f3 g5 14.Be3 Rf6 15.Nb5 Neg6 16.cxd6 cxd6
17.Nxa7 Bd7 18.Nb6 Nh4 19.Nxa8 Nhxg2 20.Bb6 Qxa8 21.Rc1 Qe8 22.Rf2 Qh5 23.Rxg2 Nxg2
24.Kxg2 g4 25.fxg4 fxg4 26.Rc3 Qh4 27.Rg3 h5 28.Bb5 Bxb5 29.Nxb5 Bh6 30.Bd8 Rf2+
31.Kxf2 Qxh2+ 32.Rg2 g3+ 33.Kf3  1-0

[Event "Donau op"]
[Site "Aschach"]
[Date "1995.??.??"]
[Round "4"]
[White "Weiss, Christian"]
[Black "Ruether, Rudolf"]
[Result "1/2-1/2"]
[WhiteElo "2265"]
[BlackElo "2090"]

1.d4 g6 2.e4 d6 3.c4 Nf6 4.Nc3 Bg7 5.Nf3 O-O 6.Be2 e5 7.O-O Nc6 8.d5 Ne7
9.Ne1 Ne8 10.Nd3 f5 11.Bd2 Rf7 12.b4 f4 13.f3 g5 14.g4 fxg3 15.hxg3 Ng6 16.c5 Bf8
17.Rf2 h5 18.Qb3 Rh7 19.Rc1 g4 20.fxg4 h4 21.Rh2 Bh6 22.Bxh6 Rxh6 23.Rf1 Qg5
24.gxh4 Nxh4 25.Qd1 Nf6 26.Nf2 Nh5 27.Qd3 Nf4 28.Qg3 Bd7 29.Bc4 Kg7 30.c6 bxc6
31.dxc6 Bxc6 32.Nh3 Nxh3+ 33.Qxh3 Rf8 34.Rxf8 Kxf8 35.Rf2+ Kg7 36.Qg3 Rf6
37.Rxf6 Qxf6 38.Qe3 Nf3+ 39.Kg2 Nd4 40.Be2 Qh4 41.Bd1 Bd7 42.Qf2 Qg5  1/2-1/2

[Event "Donau op"]
[Site "Aschach"]
[Date "1995.??.??"]
[Round "5"]
[White "Stanec, Nikolaus"]
[Black "Alvir, Aco"]
[Result "1/2-1/2"]
[WhiteElo "2480"]
[BlackElo "2325"]

1.c4 g6 2.Nc3 Bg7 3.d4 d6 4.e4 Nf6 5.Be2 O-O 6.Nf3 e5 7.O-O Nc6 8.d5 Ne7
9.Ne1 Nd7 10.Be3 f5 11.f3 f4 12.Bf2 h5 13.a4 g5 14.a5 Nf6 15.c5 g4 16.cxd6 cxd6
17.Nb5 gxf3 18.gxf3 Bh3 19.Ng2 Ng6 20.Kh1 h4 21.Nxh4  1/2-1/2

[Event "AUT-chT2W 9596"]
[Site "Austria"]
[Date "1995.??.??"]
[Round "?"]
[White "Hackbarth, Wolfgang"]
[Black "Zumtobel, Thomas"]
[Result "1-0"]
[WhiteElo "2195"]
[BlackElo "2105"]

1.c4 g6 2.d4 Bg7 3.Nc3 Nf6 4.e4 d6 5.Nf3 O-O 6.Be2 e5 7.O-O Nc6 8.d5 Ne7
9.Ne1 Ne8 10.Be3 f5 11.f3 f4 12.Bf2 h5 13.g4 hxg4 14.fxg4 g5 15.h3 Ng6 16.Nf3 c5
17.dxc6 bxc6 18.c5 Bf6 19.Qa4 Qc7 20.Rac1 Ne7 21.cxd6 Qxd6 22.Rfd1 Qb8 23.Bc5 Qb7
24.Rd8 Kg7 25.Rd2 Kg6 26.Qa3 Ng7 27.h4 Ne6 28.hxg5 Nxg5 29.Nxg5 Kxg5 30.Nd1 Rh8
31.Nf2 Ng6 32.Rc3 Nh4 33.Nh3+ Kg6 34.Rd6 Rd8 35.Rcd3 Bd7 36.g5 Bxh3 37.Rxf6+ Kg7
38.Rxh3 Rd2 39.Kf1 Rh8  1-0

[Event "AUT-chT2W 9596"]
[Site "Austria"]
[Date "1995.??.??"]
[Round "?"]
[White "Halasz, Tamas"]
[Black "Doskocil, Klaus"]
[Result "1-0"]
[WhiteElo "2365"]
[BlackElo "2355"]

1.d4 Nf6 2.Nf3 g6 3.c4 Bg7 4.Nc3 O-O 5.e4 d6 6.Be2 e5 7.O-O Nc6 8.d5 Ne7
9.b4 a5 10.Ba3 Nh5 11.bxa5 Rxa5 12.Bb4 Ra8 13.g3 f5 14.Ng5 Nf6 15.c5 dxc5
16.Bxc5 fxe4 17.Bc4 Kh8 18.d6 cxd6 19.Qxd6 Qxd6 20.Bxd6 Nf5 21.Bxf8 Bxf8
22.Ncxe4 Nxe4 23.Nxe4 Nd4 24.Ng5 Kg7 25.f4 Bc5 26.Ne4 Ba7 27.Kh1 Bh3 28.fxe5 Bxf1
29.Rxf1 Rf8 30.Rb1 b6 31.a4 Nc6 32.e6 Rd8 33.Bb5 Ne7 34.Rf1 Nf5 35.g4 Ne3
36.e7 Rc8 37.Re1 Nc2 38.Rc1  1-0

[Event "AUT-chT2O 9495"]
[Site "?"]
[Date "1995.??.??"]
[Round "?"]
[White "Thallinger, Harald"]
[Black "Holzer, Gerhard"]
[Result "1-0"]
[WhiteElo "2205"]
[BlackElo "2195"]

1.d4 d6 2.c4 g6 3.Nc3 Bg7 4.e4 Nf6 5.Be2 O-O 6.Nf3 e5 7.O-O Nc6 8.d5 Ne7
9.b4 Kh8 10.c5 Ne8 11.Ba3 Ng8 12.Nd2 f5 13.f3 Bh6 14.Nc4 Ngf6 15.Qd3 Nh5
16.g3 Bf4 17.gxf4 Nxf4 18.Qd2 Qg5+ 19.Kf2 b5 20.Ne3 Qh4+ 21.Kg1 Nf6 22.Qe1 Qg5+
23.Kh1 a6 24.Rg1 Qh6 25.Bc1 dxc5 26.exf5 gxf5 27.bxc5 Qh5 28.Ned1 Nh3 29.Rg2 f4
30.Bb2 b4 31.Na4 Nxd5 32.Bc4 Nf6 33.Qxe5 Qxe5 34.Bxe5 Bb7 35.Be6 Rae8 36.Bxh3 Rxe5  1-0

[Event "AUT-chT2S 9495"]
[Site "?"]
[Date "1995.??.??"]
[Round "4"]
[White "Zebedin, Wolfgang"]
[Black "Kotz, Heinz Peter"]
[Result "1/2-1/2"]
[WhiteElo "2195"]
[BlackElo "2260"]

1.d4 Nf6 2.c4 g6 3.Nc3 Bg7 4.e4 d6 5.Be2 O-O 6.Nf3 e5 7.O-O Nc6 8.d5 Ne7
9.Ne1 Nd7 10.Be3 f5 11.f3 Nf6 12.a4 f4 13.Bf2 g5 14.Nd3 Ng6 15.c5 Rf7 16.a5 h5
17.a6 b6 18.cxb6 cxb6 19.Nb4 g4 20.Nc6 Qf8 21.Nb5 g3 22.hxg3 Bh6 23.Qb3 fxg3
24.Bxg3 Nf4 25.Bc4 Qg7 26.Bxf4 Bxf4 27.Nxd6 Qg3 28.Nxf7 Kxf7 29.Nd8+ Kg7
30.Ne6+ Bxe6 31.dxe6 Nxe4 32.fxe4 Be3+ 33.Qxe3 Qxe3+ 34.Kh1 Qxe4 35.b3 Qh4+
36.Kg1 Qd4+ 37.Kh1 Qh4+ 38.Kg1 Qd4+ 39.Kh1 Re8 40.Rad1 Qh4+ 41.Kg1 Re7 42.Rf7+ Rxf7
43.exf7 e4 44.Rd6 Qe1+ 45.Kh2 Qh4+ 46.Kg1 Qe1+  1/2-1/2

[Event "AUT-chT2S 9495"]
[Site "?"]
[Date "1995.??.??"]
[Round "9"]
[White "Brglez, Rado"]
[Black "Cigan, Stefan"]
[Result "1-0"]
[WhiteElo "2285"]
[BlackElo "2365"]

1.d4 Nf6 2.c4 g6 3.Nc3 Bg7 4.e4 d6 5.Nf3 O-O 6.Be2 e5 7.O-O Nc6 8.d5 Ne7
9.Nd2 a5 10.Rb1 Bd7 11.b3 c5 12.a3 Ne8 13.b4 b6 14.bxc5 bxc5 15.Qc2 f5 16.exf5 gxf5
17.f4 exf4 18.Nf3 Ng6 19.Bd3 Be5 20.Bd2 Kh8 21.Rb7 Bc8 22.Rb5 Bd7 23.Rb7 Qc8
24.Rfb1 Nf6 25.Qb3 Qe8 26.Kh1 Ng4 27.Nb5 a4 28.Qc2 Bxb5 29.R1xb5 Nf2+ 30.Kg1 Nxd3
31.Qxd3 Bg7 32.Bc3 Ne5 33.Nxe5 Bxe5 34.Qh3 Rf7 35.Kf1 Re7 36.Bxe5+ dxe5 37.Qxf5 Rxb7
38.Rxb7 Ra6 39.Qxh7+  1-0

[Event "AUT-chT9495"]
[Site "?"]
[Date "1995.??.??"]
[Round "?"]
[White "Freitag, Manfred"]
[Black "Stoppel, Franz"]
[Result "1/2-1/2"]
[WhiteElo "2285"]
[BlackElo "2215"]

1.d4 Nf6 2.c4 g6 3.Nc3 Bg7 4.e4 d6 5.Be2 O-O 6.Nf3 e5 7.O-O Nc6 8.d5 Ne7
9.b4 Ne8 10.Nd2 f5 11.c5 Kh8 12.f3 Ng8 13.Nc4 Rf7 14.a4 Bf8 15.Ba3 f4 16.g4 h5
17.gxh5 Qg5+ 18.Kh1 Qxh5 19.Rf2 Qh4 20.Qe1 Ngf6 21.Rg2 Qh7 22.Bf1 Qh6  1/2-1/2

[Event "AUT-chT9495"]
[Site "?"]
[Date "1995.??.??"]
[Round "?"]
[White "Frosch, Erich"]
[Black "Herzog, Adolf"]
[Result "0-1"]
[WhiteElo "2280"]
[BlackElo "2400"]

1.d4 Nf6 2.Nf3 g6 3.c4 Bg7 4.Nc3 d6 5.e4 O-O 6.Be2 e5 7.O-O Nc6 8.d5 Ne7
9.b4 a5 10.Ba3 Ne8 11.bxa5 c5 12.dxc6 bxc6 13.Rb1 Qxa5 14.Bb4 Qc7 15.c5 d5
16.exd5 Nxd5 17.Nxd5 cxd5 18.Qxd5 Bb7 19.Qb3 Be4 20.Rbc1 Bc6 21.Nd2 Nf6 22.Nc4 Nd5
23.Nb6 Nf4 24.Bc4 Bxg2 25.Rfd1 Rad8 26.Bd2 Be4 27.Bxf4 exf4 28.Bd5 Qe5 29.Bxe4 Qxe4
30.Re1 Qf5 31.Qf3 Bd4 32.Na4 Ra8 33.Rc4 Rae8 34.Rd1 Be5 35.Nb6 g5 36.h3 Kh8
37.Qg4 Qg6 38.Nd7 Rg8 39.Nxe5 Rxe5 40.c6 h5 41.Qg2 Qe6 42.Rcc1 g4 43.c7 g3
44.Kh1 Kh7 45.Rf1 f3  0-1

[Event "AUT-chT9495"]
[Site "?"]
[Date "1995.??.??"]
[Round "?"]
[White "Liedl, Wolfgang"]
[Black "Herzog, Adolf"]
[Result "0-1"]
[WhiteElo "2215"]
[BlackElo "2400"]

1.d4 Nf6 2.c4 g6 3.Nc3 Bg7 4.e4 O-O 5.Nf3 d6 6.Be2 e5 7.O-O Nc6 8.d5 Ne7
9.Nd2 Ne8 10.b4 f5 11.c5 a5 12.Ba3 fxe4 13.Ndxe4 Nf5 14.bxa5 Rxa5 15.Qb3 Nd4
16.Qb4 Ra8 17.Bd3 Rf4 18.Bc1 dxc5 19.Qxc5 Bf8 20.Qc4 Nd6 21.Nxd6 Nf3+ 22.gxf3 Rxc4
23.Nxc4 Bc5 24.Ne4 Bd4 25.Rb1 Qf8 26.Ncd2 Bh3 27.Re1 Rxa2 28.Rxb7 Qf4 29.Bf1 Bxf1
30.Kxf1 Rc2 31.Ke2 Qf8 32.Kd1 Qa8 33.Kxc2 Qxb7 34.Kd1  0-1

[Event "AUT-chT9495"]
[Site "?"]
[Date "1995.??.??"]
[Round "?"]
[White "Lukacs, Peter"]
[Black "Popovic, Petar"]
[Result "1/2-1/2"]
[WhiteElo "2490"]
[BlackElo "2545"]

1.d4 Nf6 2.c4 g6 3.Nc3 Bg7 4.e4 d6 5.Nf3 O-O 6.Be2 e5 7.O-O Nc6 8.Be3 Re8
9.dxe5 dxe5 10.h3 b6 11.c5 Bb7 12.Bb5 a6 13.Bxc6 Bxc6 14.Qc2 b5 15.Bg5 Qc8
16.Bxf6 Bxf6 17.Rad1 a5 18.Nd5  1/2-1/2

[Event "AUT-chT9495"]
[Site "?"]
[Date "1995.??.??"]
[Round "?"]
[White "Weiss, Christian"]
[Black "Cigan, Stefan"]
[Result "1/2-1/2"]
[WhiteElo "2240"]
[BlackElo "2365"]

1.d4 Nf6 2.c4 g6 3.Nc3 Bg7 4.e4 d6 5.Nf3 O-O 6.Be2 e5 7.O-O Nc6 8.d5 Ne7
9.Ne1 Nd7 10.Nd3 f5 11.f3 h5 12.Bg5 Nf6 13.c5 Kh7 14.Rc1 Bh6 15.Bxh6 Kxh6
16.cxd6 cxd6 17.Qb3 g5 18.Nf2 f4 19.Nb5 Ne8 20.Rc2 a6 21.Nc3 Rg8 22.h3 Nf6
23.a4 Ng6 24.Nb1 Nh4 25.Nd2 g4 26.fxg4 hxg4 27.hxg4 Nxg4 28.Nxg4+ Bxg4 29.Bxg4 Rxg4
30.Nf3 Rc8 31.Nxh4 Rxh4 32.Rxc8 Qxc8 33.Qb6 Qd7 34.Rc1 Kg5 35.Rc7 Qxa4 36.Rg7+ Kf6
37.Qxd6+ Kxg7 38.Qxe5+ Kg6 39.Qf5+ Kh6 40.Qf6+ Kh5 41.Qf5+  1/2-1/2

[Event "AUT-chT9495"]
[Site "?"]
[Date "1995.??.??"]
[Round "?"]
[White "Postl, Anton"]
[Black "Neulinger, Manfred"]
[Result "1/2-1/2"]
[WhiteElo "2320"]
[BlackElo "2260"]

1.c4 Nf6 2.Nc3 g6 3.d4 Bg7 4.e4 d6 5.Be2 O-O 6.Nf3 e5 7.O-O Nc6 8.d5 Ne7
9.b4 a5 10.Ba3 b6 11.bxa5 Rxa5 12.Bb4 Ra8 13.a4 Ne8 14.Nb5 f5 15.Nd2 Bh6
16.a5 bxa5 17.Rxa5 Rxa5 18.Bxa5 Bxd2 19.Qxd2 fxe4 20.c5 Nf5 21.Rc1 Qf6 22.Nxc7 Nxc7
23.Bxc7 dxc5 24.Bc4 Ba6 25.Bxa6 Qxa6 26.Bxe5 Qd3 27.Qa2 e3 28.d6+ c4 29.Qxc4+  1/2-1/2

[Event "AUT-chT9495"]
[Site "?"]
[Date "1995.??.??"]
[Round "?"]
[White "Stanec, Nikolaus"]
[Black "Postl, Anton"]
[Result "1-0"]
[WhiteElo "2450"]
[BlackElo "2320"]

1.d4 Nf6 2.c4 g6 3.Nc3 Bg7 4.e4 O-O 5.Be2 d6 6.Nf3 e5 7.O-O Nc6 8.d5 Ne7
9.Ne1 Nd7 10.Be3 f5 11.f3 f4 12.Bf2 g5 13.g4 h5 14.h3 hxg4 15.hxg4 Ng6 16.Nd3 Rf7
17.c5 Bf8 18.c6 Nf6 19.cxb7 Bxb7 20.Nb4 a6 21.Kg2 Be7 22.Rh1 Kg7 23.Qa4 Qf8
24.Rh3 Bc8 25.Rah1 Bd7 26.Qc2 Qc8 27.Kf1 Qb7 28.Qb3 Rb8 29.Nxa6 Qxb3 30.axb3 Rxb3
31.Nd1 Bd8 32.Bc4 Bb5 33.Bxb5 Rxb5 34.b4 Rf8 35.Nc3 Rb7 36.b5 Be7 37.Ke2 Ra8
38.Kd3 Nd7 39.Ra1 Nb8 40.Ra2 Nh4 41.Ke2 Nd7 42.Rh1 Nc5 43.Rb1 Kf7 44.Raa1 Rh8
45.Nxc5 dxc5 46.Rh1 Rhb8 47.Ra4 Rxb5 48.Nxb5 Rxb5 49.Ra2 Rb3 50.Rh3 Ke8 51.Rc2 Kd7
52.Bxc5 Bxc5 53.Rxc5 Rb2+ 54.Kd3 Rf2 55.Rc6 Nxf3 56.Rh7+ Kd8 57.Rf6 Kc8 58.Rff7 Kb8
59.Rhg7 Ne1+ 60.Kc3 Rc2+ 61.Kb3 Rc1 62.Rf8+  1-0

[Event "AUT-chT2S 9596"]
[Site "AUT"]
[Date "1995.??.??"]
[Round "?"]
[White "Petran, Pal"]
[Black "Cigan, Stefan"]
[Result "1/2-1/2"]
[WhiteElo "2420"]
[BlackElo "2370"]

1.d4 Nf6 2.c4 g6 3.Nc3 Bg7 4.e4 d6 5.Nf3 O-O 6.Be2 e5 7.O-O Nc6 8.d5 Ne7
9.Ne1 Ne8 10.f4 exf4 11.Bxf4 f5 12.Qd2 fxe4 13.Nxe4 Nf5 14.Nf3 Nf6 15.Bd3 Nxe4
16.Bxe4 Qf6 17.Rf2 Nd4 18.Ng5 Bd7 19.Raf1 Qe7 20.Be3 Nf5 21.Bxf5 Rxf5 22.Rxf5  1/2-1/2

[Event "AUT-chT2S 9596"]
[Site "AUT"]
[Date "1995.??.??"]
[Round "?"]
[White "Mitterbacher, F."]
[Black "Krebs, J."]
[Result "0-1"]
[WhiteElo "1955"]
[BlackElo "2100"]

1.d4 Nf6 2.Nf3 g6 3.c4 Bg7 4.Nc3 O-O 5.e4 d6 6.Be2 e5 7.O-O Nc6 8.d5 Ne7
9.Nd2 Ne8 10.b4 f5 11.f3 Bh6 12.Nb3 Bxc1 13.Rxc1 f4 14.a4 g5 15.c5 Rf7 16.Rc2 h5
17.Nd2 Rg7 18.g4 hxg4 19.fxg4 Rh7 20.Kh1 Ng6 21.Rg1 Nf6 22.Bf3 Nh4 23.Be2 Kh8
24.Nb5 a5 25.bxa5 f3 26.Bxf3 Nxf3 27.Qxf3 Rh4 28.Nf1 Bxg4 29.Rxg4 Rxg4 30.Nxc7 Qxc7
31.Qxf6+ Qg7 32.Qxg7+ Kxg7 33.Ng3 dxc5 34.Rxc5 Kf7 35.Rc7+ Ke8 36.Rxb7 Rxa5
37.Rb6 Rxa4 38.Re6+ Kd7 39.Rxe5 Ra2 40.Re6 Rh4 41.Nf1 Rf4 42.Ng3 Rff2  0-1

[Event "Azov"]
[Site "Azov"]
[Date "1995.??.??"]
[Round "10"]
[White "Neverov, Valeriy"]
[Black "Iskusnyh, Sergei"]
[Result "1/2-1/2"]
[WhiteElo "2490"]
[BlackElo "2425"]

1.d4 Nf6 2.c4 g6 3.Nc3 Bg7 4.e4 d6 5.Nf3 O-O 6.Be2 e5 7.O-O Nc6 8.d5 Ne7
9.Ne1 Ne8 10.f4 c6 11.dxc6 bxc6 12.fxe5 Qb6+ 13.Kh1 dxe5 14.b3 Qc7 15.Ba3 Be6
16.Nd3 Rd8 17.Qe1 f5 18.Rd1 Nd6 19.Bf3 f4 20.Qe2 h5 21.Rd2 Nf7 22.Rfd1 Bf6
23.Nc5 Bc8 24.b4 Kg7 25.Nb3 a6 26.b5 cxb5 27.Nd5 Nxd5 28.Bxf8+ Rxf8 29.cxd5 Nd6
30.Rc2 Qa7 31.Rc6 Kh6 32.Nc5 Qe7 33.Ne6 Rh8 34.Rc7 Qe8 35.Rdc1 Bxe6 36.dxe6 Nc4
37.Rd1 Qxe6 38.Rdd7 Qb6 39.h3 Bh4 40.Rf7 Qd4 41.Qd1 Rd8 42.Qxd4 Rxd4 43.Rfd7 Bf2
44.Rxd4 Bxd4 45.h4 Nd2 46.Rc6 a5 47.Ra6 b4 48.Rxa5 b3 49.axb3 Nxb3 50.Ra2 Be3
51.g3 Nd2 52.Kg2 fxg3 53.Kxg3 Bf4+ 54.Kg2 Nxf3 55.Kxf3 Kg7 56.Rg2 Kf7 57.Ke2 Kf6
58.Kd3 g5 59.hxg5+ Bxg5 60.Ke2 Bf4 61.Rg8 Kf7 62.Rh8 Kg6 63.Kf3 Kg5 64.Rf8 h4
65.Rf5+ Kg6 66.Kg4 Bg3 67.Rf3 Kg7 68.Kg5 Be1 69.Rd3 Bg3 70.Rd7+ Kf8 71.Kf6 Ke8
72.Ke6 Kf8 73.Rf7+ Ke8 74.Rf3 Kd8 75.Rc3 Bf4  1/2-1/2

[Event "Baku Cup"]
[Site "Baku"]
[Date "1995.??.??"]
[Round "?"]
[White "Bagirov, Rufat"]
[Black "Gadjilu, Rauf"]
[Result "0-1"]
[WhiteElo "2270"]
[BlackElo "2265"]

1.d4 Nf6 2.c4 g6 3.Nc3 Bg7 4.e4 d6 5.Nf3 O-O 6.Be2 e5 7.O-O Nc6 8.d5 Ne7
9.Ne1 Ne8 10.f3 c5 11.Be3 f5 12.g4 f4 13.Bf2 g5 14.Nd3 h5 15.h3 Kf7 16.Kg2 Rh8
17.a3 Ng6 18.Rh1 Nf6 19.b4 b6 20.Rb1 hxg4 21.hxg4 Nh4+ 22.Kg1 Rh6 23.bxc5 bxc5
24.Qa4 Nxg4 25.fxg4 f3 26.Bf1 Bxg4 27.Bg3 Bd7 28.Rb7 Ke8 29.Qa6 f2+ 30.Kxf2 Qf6+
31.Bf4 exf4 32.e5 dxe5 33.Qxf6 Bxf6 34.Rxd7 Kxd7 35.Bh3+ Ke8 36.Nxc5 Bd8
37.Re1 Bb6 38.Rxe5+ Kf8 39.Na4 Re8 40.Nxb6 axb6 41.Ne6+ Kg8 42.Rxg5+ Kf7
43.Rg7+ Kf6 44.Rb7 Ra8 45.Rxb6 Ke5 46.Rb3 Nf5 47.Nxf4 Nd6 48.Nd3+ Kd4 49.Nb2 Ne4+
50.Ke1 Nc3 51.Be6 Rf8 52.Rxc3 Rh1+ 53.Ke2 Rh2+ 54.Ke1 Kxc3  0-1

[Event "Balatonbereny-B"]
[Site "Balatonbereny"]
[Date "1995.??.??"]
[Round "4"]
[White "Thallinger, Harald"]
[Black "Gross, David"]
[Result "1-0"]
[WhiteElo "2280"]
[BlackElo "2385"]

1.d4 Nf6 2.c4 g6 3.Nc3 Bg7 4.e4 d6 5.Be2 O-O 6.Nf3 e5 7.O-O Nc6 8.d5 Ne7
9.b4 Nh5 10.c5 Nf4 11.Bxf4 exf4 12.Rc1 h6 13.Nd4 a6 14.Re1 Kh8 15.Qd2 Ng8
16.Nb3 Be5 17.Na5 g5 18.Nc4 f6 19.h3 g4 20.Bxg4 Bxg4 21.hxg4 Rf7 22.Ne2 f5
23.cxd6 cxd6 24.Nxf4 Qg5 25.Nd3 f4 26.Ndxe5 dxe5 27.f3 h5 28.gxh5 Rg7 29.Qb2 Nf6
30.Re2 Nd7 31.Nd6 Qxh5 32.Nf5 Rh7 33.Kf2 Rg8 34.Rg1 Qg6 35.Ke1 Qb6 36.Kf1 Rh3
37.Rf2 Qb5+ 38.Ke1 Qd3 39.Qb3 Qb5 40.a4 Qb6 41.Kf1 Rh7 42.Qc4 Qf6 43.a5 Nf8
44.Rc2 Qg5 45.Qc5 Nd7 46.Qd6 Qd8 47.Rc7 Qe8 48.Rxd7 Qxd7 49.Qf6+ Rgg7 50.Nxg7 Rxg7
51.Qf8+ Kh7 52.Rh1+ Kg6 53.Rh4  1-0

[Event "Regionalliga SO9596"]
[Site "Bayern"]
[Date "1995.??.??"]
[Round "?"]
[White "Tikovsky, Armin"]
[Black "Brestan, Peter"]
[Result "1/2-1/2"]
[WhiteElo "2140"]
[BlackElo "2045"]

1.d4 Nf6 2.c4 g6 3.Nf3 Bg7 4.Nc3 O-O 5.e4 d6 6.Be2 e5 7.O-O Nc6 8.d5 Ne7
9.Rb1 Nh5 10.Ne1 Nf4 11.Nd3 Nxd3 12.Bxd3 f5 13.f3 f4 14.b4 g5 15.c5 Ng6 16.Bd2 Rf7
17.Rc1 Bf8 18.Nb5 h5 19.Be2 Rg7 20.Be1 Nh4 21.Bf2 g4 22.fxg4 hxg4 23.g3 a6
24.Na3 f3 25.gxh4 fxe2 26.Qxe2 g3 27.Bxg3 Qxh4 28.Rc3 Bh3 29.Rf2 Be7 30.Nc4 Kh8
31.cxd6 cxd6 32.Ne3 Qxe4 33.Qc2 Qxb4 34.Nf5 Bxf5 35.Rxf5 Qd4+ 36.Kh1 Qxd5+
37.Rcf3 Rf8 38.Rxf8+ Bxf8 39.Qf5 Qd1+ 40.Rf1 Qd5+ 41.Rf3 Be7 42.Qc8+ Qg8
43.Qxb7 Qxa2 44.Qc8+ Qg8 45.Qxa6 Qe6 46.Qc6 Bg5 47.Qe4 Rf7 48.Bxe5+ dxe5
49.Rxf7 Qxf7 50.Qxe5+ Bf6 51.Qe4 Qb3 52.Qa8+ Kg7 53.Qg2+ Kh6 54.Qg3 Qd5+
55.Qg2 Qd1+ 56.Qg1 Qd2 57.Qg2  1/2-1/2

[Event "Regionalliga SO9596"]
[Site "Bayern"]
[Date "1995.??.??"]
[Round "?"]
[White "Koenig, Bernhard"]
[Black "Moldawskij, Boris"]
[Result "1-0"]
[WhiteElo "2025"]
[BlackElo "1985"]

1.d4 Nf6 2.c4 g6 3.Nc3 Bg7 4.e4 d6 5.Nf3 O-O 6.Be2 e5 7.O-O Nc6 8.d5 Ne7
9.b4 a5 10.Ba3 b6 11.bxa5 Rxa5 12.Bb4 Ra8 13.a4 Ne8 14.a5 bxa5 15.Rxa5 Rxa5
16.Bxa5 f5 17.Nd2 Bh6 18.Bd3 fxe4 19.Ndxe4 Nf5 20.Ne2 Qh4 21.Bd2 Nf6 22.Nxf6+ Rxf6
23.Bxf5 gxf5 24.f4 Bg7 25.Qa4 Qg4 26.Ng3 e4 27.Be3 Qh4 28.Qe8+ Rf8 29.Qc6 Qd8
30.Rb1 Bd7 31.Qa6 Qf6 32.Ne2 Qd8 33.Bd4 Bxd4+ 34.Nxd4 Qf6 35.Ne2 Qd8 36.Qa7 Be8
37.Rb7 Rf7 38.Rb8 Qe7 39.Nd4 e3 40.Ne6 e2 41.Qe3 c6 42.Ra8 cxd5 43.cxd5 Rf8
44.Qxe2 Qb7 45.Qa2 Qb6+ 46.Kh1 Qb5 47.Qa1 Rf7 48.h3 h6 49.Ra3 Kh7 50.Rg3 Qd7
51.Rg7+ Rxg7 52.Nf8+ Kg8 53.Nxd7 Bxd7 54.Qf6 Kh7 55.Qxd6 Bb5 56.Qe5 Bd7 57.Kg1 Rf7
58.Kf2 Rg7 59.Kf3 Bc8 60.Qf6 h5 61.Ke3 Bd7 62.Kd4 Bc8 63.Kc5 Bd7 64.Kd6 Bc8
65.Qxg7+ Kxg7 66.Kc7 Ba6 67.d6 Bb5 68.d7 Bxd7 69.Kxd7 Kf6 70.Kd6 h4 71.Kd5  1-0